Merit salary programs in six selected school districts. (Record no. 34395)

MARC details
000 -LEADER
fixed length control field 00991cam a22002651 4500
001 - CONTROL NUMBER
control field hew63000011
003 - CONTROL NUMBER IDENTIFIER
control field DLC
005 - DATE AND TIME OF LATEST TRANSACTION
control field 20260227111512.0
008 - FIXED-LENGTH DATA ELEMENTS--GENERAL INFORMATION
fixed length control field 771205s1962 dcua b f000 0 eng c
010 ## - LIBRARY OF CONGRESS CONTROL NUMBER
LC control number hew63000011
035 ## - SYSTEM CONTROL NUMBER
System control number (OCoLC)3465129
040 ## - CATALOGING SOURCE
Original cataloging agency U.S. Dept. of Health, Education, and Welfare. Library
Transcribing agency DNIE
Modifying agency OCoLC
-- DLC
042 ## - AUTHENTICATION CODE
Authentication code premarc
050 00 - LIBRARY OF CONGRESS CALL NUMBER
Classification number L111
Item number .A6 1963, no. 22
100 1# - MAIN ENTRY--PERSONAL NAME
Personal name Steffensen, James Peter,
Dates associated with a name 1920-
245 10 - TITLE STATEMENT
Title Merit salary programs in six selected school districts.
260 ## - PUBLICATION, DISTRIBUTION, ETC.
Place of publication, distribution, etc. [Washington]
Name of publisher, distributor, etc. U.S. Dept. of Health, Education, and Welfare, Office of Education
Date of publication, distribution, etc. [1962]
300 ## - PHYSICAL DESCRIPTION
Extent v, 63 p.
Other physical details tables.
Dimensions 24 cm.
490 1# - SERIES STATEMENT
Series statement United States. Office of Education. Bulletin
Volume/sequential designation 1963, no. 5 [i.e. 22]
500 ## - GENERAL NOTE
General note "OE-23026."
504 ## - BIBLIOGRAPHY, ETC. NOTE
Bibliography, etc. note Bibliographical footnotes.
650 #0 - SUBJECT ADDED ENTRY--TOPICAL TERM
Topical term or geographic name entry element Teachers
General subdivision Salaries, etc.
Geographic subdivision United States.
650 #0 - SUBJECT ADDED ENTRY--TOPICAL TERM
Topical term or geographic name entry element Teachers
General subdivision Rating of.
830 #0 - SERIES ADDED ENTRY--UNIFORM TITLE
Uniform title Bulletin (United States. Office of Education) ;
Volume/sequential designation 1963, no. 5 [i.e. 22]

No items available.

Powered by Koha